000
00317nam a2200121 a 4500
005
20140414131955.0
008
110207s19uu xx 00 eng d
050
_a
TR 372.7
_b
M11 2002
100
_a
Mancuso, Karen
245
_a
Math starters Grade 5-8.
260
_a
New York :
_b
Scholastic ,
_c
2002.
999
_c
112895
_d
112895